000
00330 a2200145 4500
999
_c
12027
_d
12027
003
OSt
005
20240117172105.0
008
240117b ||||| |||| 00| 0 eng d
020
_a
9780070658141
082
_a
720.285
100
_a
M. Saleh Uddin
245
_a
Digital Architecture
260
_b
McGraw-Hill
_c
1999
942
_2
ddc